000 00424nam a2200193Ia 4500
003 0100
008 130303s9999 xx 000 0 und d
040 _cARRUPELIB
050 _aBD573.C6 1959
100 _aCollins, James
245 _aGod in morden philosophy
260 _aChicago
260 _bHenry regnery Co.
260 _C1959
300 _a475p.
300 _b 23cm
650 _aPHILOSOPHY
942 0 0 _01
999 _c47731
_d47731